Normal view
MARC view
Entry Personal Name
001 - CONTROL NUMBER
- control field: 12893
003 - CONTROL NUMBER IDENTIFIER
- control field: BD-RjUL
005 - DATE AND TIME OF LATEST TRANSACTION
- control field: 20240508110156.0
008 - FIXED-LENGTH DATA ELEMENTS
- fixed length control field: 240508|| aca||aabn | a|a d
040 ## - CATALOGING SOURCE
- Original cataloging agency: BD-RjUL
- Transcribing agency: BD-RjUL
100 ## - HEADING--PERSONAL NAME
- Personal name: Hakim, Khalifa Abdul, حكيم، خليفه عبدال
- Dates associated with a name: 1894-1959
670 ## - SOURCE DATA FOUND
- Source citation: Work cat.: (BD-RjUL)83680: Hakim, Khalifa Abdul, حكيم، خليفه عبدال 1894-1959., حِکمتِ رُومى / Ḥikmat-i Rūmī /, 1955